Advanced Analysis of Nontraditional Machining
Na minha lista:
| Outros Autores: | , |
|---|---|
| Formato: | Livro |
| Idioma: | inglês |
| Publicado em: |
New York :
Springer Science-Business Media,
2013
|
| Assuntos: | |
| Tags: |
Sem tags, seja o primeiro a adicionar uma tag!
|
MARC
| LEADER | 00000nam a22000003a 4500 | ||
|---|---|---|---|
| 001 | stu262531 | ||
| 005 | 20190206105041.4 | ||
| 008 | 130212s2013----xxu-----------------eng-d | ||
| 020 | |a 978-1-4614-4053-6 | ||
| 040 | |a STU |b slo | ||
| 041 | 0 | |a eng | |
| 044 | |a xxu | ||
| 100 | 1 | |a Hocheng, Hong |4 edt | |
| 245 | 1 | |a Advanced Analysis of Nontraditional Machining | |
| 260 | |a New York : |b Springer Science-Business Media, |c 2013 | ||
| 300 | |a 500 s | ||
| 650 | 7 | |a fyzika povrchov |2 stusub | |
| 650 | 7 | |a materiály |2 stusub | |
| 700 | 1 | |a Tsai, Hubg-Yin |4 edt | |
| 996 | |b 284M084796 |c M*13434-1 |l MMKN |s A |a 24 |w stu262531_0001 | ||